Obálka Náhled e-knihy:
PDF Epub
Pro půjčování e-knih musíte být přihlášeni.
Jak si půjčit online?

Klub Klikařů. Čas hrdinů /

Další kniha série dobrodružných příběhů party kamarádů.

Uloženo v:
Série:Klub Klikařů, část 5
Hlavní autor: Matějka, Vít Martin, 1982- (Autor)
Další autoři: Kratochvíl, Jaroslav, 1993- (Autor)
Médium: E-kniha
Jazyk:Czech
Vydáno: V Praze : Fragment, 2025
Vydání:1. vydání
Témata:
Příbuzné jednotky:Z cyklu:: Klub Klikařů
Tagy:
Žádné tagy
LEADER 02660nam a2200493 i 4500
001 312719
003 CZ PrSKC
005 20260601215727.0
007 ta
008 250506s2025 xr a c 000 j cze
015 |a cnb003684423 
020 |a 9788025372630  |q (vázáno) :  |c Kč 299,00 
035 |a (OCoLC)1522999571 
040 |a ABG001  |b cze  |e rda 
072 7 |a 821.162.3-3  |x Česká próza  |2 Konspekt 
072 7 |a 821-93  |x Literatura pro děti a mládež (beletrie)  |2 Konspekt 
080 |a 821.162.3-32  |2 MRF 
080 |a 821-93  |2 MRF 
080 |a (0:82-321.3)  |2 MRF 
100 1 |a Matějka, Vít Martin,  |d 1982-  |7 xx0117796  |4 aut 
245 1 0 |a Klub Klikařů.  |p Čas hrdinů /  |c Vít Martin Matějka ; ilustroval Jaroslav Kratochvíl 
246 3 0 |a Čas hrdinů 
250 |a 1. vydání 
264 1 |a V Praze :  |b Fragment,  |c 2025 
300 |a 143 stran :  |b ilustrace ;  |c 21 cm 
336 |a text  |b txt  |2 rdacontent 
337 |a bez média  |b n  |2 rdamedia 
338 |a svazek  |b nc  |2 rdacarrier 
520 2 |a Další kniha série dobrodružných příběhů party kamarádů.  |b Jirka a Šárka se nechali očkovat proti neznámé nákaze šířící se Plzní a nyní se z nich kvůli tomu staly nemyslící zombie. Nejsou ale sami, stejný osud potkal téměř všechny obyvatele Plzně. Jen Lukáš mu unikl - a je tak jediný, kdo může celé město zachránit. Naštěstí na to nebude sám. Po boku mu bude stát nejen napravený kriminálník Carlos, ale i jeho přítel od policie Ondřej Chabada. Společně se postaví zlotřilé Komisi a zatroubí k poslednímu útoku. Nastává čas hrdinů. Nakladatelská anotace. 
521 8 |a Pro čtenáře od 9 let 
655 7 |a české příběhy  |7 fd133973  |2 czenas 
655 7 |a dobrodružné příběhy  |7 fd132060  |2 czenas 
655 7 |a publikace pro děti  |7 fd133156  |2 czenas 
655 9 |a Czech stories  |2 eczenas 
655 9 |a adventure stories  |2 eczenas 
655 9 |a children's literature  |2 eczenas 
700 1 |a Kratochvíl, Jaroslav,  |d 1993-  |7 xx0313636  |4 ill 
787 0 8 |i Z cyklu:  |t Klub Klikařů  |g 5  |w (CZ-CtDS)e9eaaceb-7381-5942-8d16-f2ecd30101ba 
900 |a ABA001  |b 20 
928 9 |a Albatros Media - Fragment 
044 |a xr 
910 |a RBIT002 
998 |d 420315  |a https://core.palmknihy.cz/api/books/420315/cover?svxtwt  |b https://core.palmknihy.cz/api/books/420315/cover/400?svxtwt  |c https://core.palmknihy.cz/api/books/420315/cover/50?svxtwt  |e 2035-12-31  |g 144  |i 9788025372630  |j https://core.palmknihy.cz/api/books/420315/preview.epub  |k https://core.palmknihy.cz/api/books/420315/preview.pdf  |l   |q 49  |r 1  |s https://www.palmknihy.cz/kniha/420315  |t ebook  |y 2025  |z 0  |v Klub Klikařů  |w 5 
999 |d 312717